Gaming Quiz

Random Gaming or Pokémon Quiz

Kalos Pokémon Evolutions Quiz Stats

 Plays Quiz not verified by Sporcle

Score 0/34 Timer 10:00
0 Plays Today
Pokémon How to Evolve % Correct
ChespinLevel 16
98.7%
FennekinLevel 16
98.7%
FroakieLevel 16
98.7%
QuilladinLevel 36
96.2%
BraixenLevel 36
96.2%
FrogadierLevel 36
96.2%
BunnelbyLevel 20
93.7%
FletchlingLevel 17
93.7%
FletchinderLevel 35
93.7%
LitleoLevel 35
93.7%
HonedgeLevel 35
93.7%
ScatterbugLevel 9
92.4%
SkiddoLevel 32
92.4%
PanchamLevel 32 with Dark-Type in Party
92.4%
SpewpaLevel 12
89.9%
EspurrLevel 25
89.9%
GoomyLevel 40
89.9%
Pokémon How to Evolve % Correct
FlabébéLevel 19
88.6%
InkayLevel 30 with 3DS held upside down
88.6%
BinacleLevel 39
88.6%
SkrelpLevel 48
88.6%
ClauncherLevel 37
88.6%
TyruntLevel 39 - Day
88.6%
AmauraLevel 39 - Night
88.6%
SliggooLevel 50 in Rain
88.6%
PhantumpTrade
88.6%
PumpkabooTrade
88.6%
BergmiteLevel 37
88.6%
NoibatLevel 48
88.6%
HelioptileSun Stone
79.7%
DoubladeDusk Stone
77.2%
FloetteShiny Stone
75.9%
SwirlixTrade holding Whipped Dream
54.4%
SpritzeeTrade holding Sachet
44.3%

You're not logged in!

Compare scores with friends on all Sporcle quizzes.
OR
Log In

Sporcle TV

Today on Sporcle TV


Watch our educational content, quiz creation guides, and fun videos on Sporcle TV.

Show Comments

Extras

Top Quizzes Today


Score Distribution

Your Account Isn't Verified!

In order to create a playlist on Sporcle, you need to verify the email address you used during registration. Go to your Sporcle Settings to finish the process.

Report this User

Report this user for behavior that violates our Community Guidelines.

Details: